000 00517nam a2200169 i 4500
001 75758
003 ES-MaACL
005 20230906172602.0
007 t|
008 040927s1969 sp ||||1| spa d
100 1 _aGuareschi, Giovanni.
_960332
245 1 0 _aVida en familia
_b: novela /
_cGiovanni Guareschi ; [traducción de Vicente Villacampa].
260 _aBarcelona :
_bPlaza & Janés,
_c1969.
300 _a199 p. ;
_c18 cm.
700 1 _aVillacampa, Vicente.
_9114904
852 _aES-MaACL
_jC-40257
_bR.71576
999 _c75758
_d75758